000 00427nmm a2200157Ia 4500
008 251105s9999||||xx |||||||||||||||||und||
041 _aspa
100 _aLynnon, Kate
245 0 _aEl año de Emilia
264 _a[Madrid, España] :
_bEditorial Egales,
_c2019
300 _a344 páginas
490 _aNarrativa
650 _aSpanish narrative
856 _uhttps://public.digitaliapublishing.com/a/144375
942 _cCF
999 _c100252
_d100252